000 00512nam a22001817a 4500
005 20230921141907.0
010 _aENG-135388
020 _a9789382367288
_c675.00
035 _aEN-118920
037 _bDBAD/PUB
082 _a230.8
100 _aJha, Amol
_957283
245 _aIndian Temples Mythological Elements/
_cBy Amol Jha
260 _aAllahabad
_bRini Publication
_c2016
270 _a59, Pandariba
_bAllahabad
_e211003
300 _a224p.
_c22cm(hb)
942 _2ddc
_cEN
_mJHA
_h230.8
999 _c192980
_d192980